Материалы по региональной геологии: сборник статей

Bibliographische Detailangaben
Körperschaft: СССР Министерство геологии и охраны недр Всесоюзный аэрологический трест
Weitere Verfasser: Ильина Н. С. (редактор)
Zusammenfassung:Исключено из фонда НТБ ТПУ
Sprache:Russisch
Veröffentlicht: Москва, Госгеолтехиздат, 1959
Schriftenreihe:Труды Всесоюзного аэрологического треста Вып. 5
Format: MixedMaterials Buch
KOHA link:https://koha.lib.tpu.ru/cgi-bin/koha/opac-detail.pl?biblionumber=272137

MARC

LEADER 00000nam0a2200000 4500
001 272137
005 20231031225628.0
035 |a (RuTPU)RU\TPU\book\295342 
035 |a RU\TPU\book\294140 
090 |a 272137 
100 |a 20141015d1959 k y0rusy50 ca 
101 0 |a rus 
102 |a RU 
105 |a a z 001zy 
200 1 |a Материалы по региональной геологии  |e сборник статей  |f СССР, Министерство геологии и охраны недр, Всесоюзный аэрологический трест ; под ред. Н. С. Ильиной 
210 |a Москва  |c Госгеолтехиздат  |d 1959 
215 |a 188 с.  |c ил. 
225 1 |a Труды Всесоюзного аэрологического треста  |v Вып. 5 
333 |a Исключено из фонда НТБ ТПУ 
702 1 |a Ильина  |b Н. С.  |4 340 
712 0 1 |a СССР  |b Министерство геологии и охраны недр  |b Всесоюзный аэрологический трест  |c (1953-1963) 
801 1 |a RU  |b 63413507  |c 20130610 
801 2 |a RU  |b 63413507  |c 20220504  |g RCR 
942 |c BK